logo

Bir Sreshtho Munshi Abdur Rouf Library
Jhenaidah Cadet College

On liberty Representative government The subjection of women : (Record no. 10142)

MARC details
000 -LEADER
fixed length control field 01229nam a2200313 a 4500
001 - CONTROL NUMBER
JCCL Control Number 10142
003 - CONTROL NUMBER IDENTIFIER
JCCL marc code BD - JhCC
005 - DATE AND TIME OF LATEST TRANSACTION
control field 20190321100534.0
008 - FIXED-LENGTH DATA ELEMENTS--GENERAL INFORMATION
fixed length control field 180417s1912 enk 000 0 eng d
035 ## - SYSTEM CONTROL NUMBER
system control number CURL 020000263391(Edi) from fmpc6
-- (BD - JhCC)10142
040 ## - CATALOGING SOURCE
Original cataloging agency BD-JhCC
Modifying agency BD-JhCC
041 ## - LANGUAGE CODE
Language code of Book eng
082 ## - DEWEY DECIMAL CLASSIFICATION NUMBER
Author mark and Year MIL 1912
Classification number 323.44
100 1# - MAIN ENTRY--PERSONAL NAME
Personal name Mill, John Stuart,
Dates associated with a name 1806-1873.
245 10 - TITLE STATEMENT
Title On liberty Representative government The subjection of women :
Remainder of title three essays /
Statement of responsibility, etc by John Stuart Mill ; with an introduction by Millicent Garrett Fawcett.
260 ## - PUBLICATION, DISTRIBUTION, ETC. (IMPRINT)
Place of publication, distribution, etc London :
Name of publisher, distributor, etc Oxford University Press,
Date of publication, distribution, etc 1912.
300 ## - PHYSICAL DESCRIPTION
Pagination xx, 548 p. ;
Dimensions 16 cm.
500 ## - GENERAL NOTE
General note "In The World's classics first published in one volume in 1912"-- t.p. verso.
650 #0 - SUBJECT ADDED ENTRY--TOPICAL TERM
Topical term or geographic name as entry element Liberty.
650 #0 - SUBJECT ADDED ENTRY--TOPICAL TERM
Topical term or geographic name as entry element Representative government and representation.
650 #0 - SUBJECT ADDED ENTRY--TOPICAL TERM
Topical term or geographic name as entry element Women's rights.
700 1# - ADDED ENTRY--PERSONAL NAME
Personal name Fawcett, Millicent Garrett,
Titles and other words associated with a name Dame,
Dates associated with a name 1847-1929.
700 12 - ADDED ENTRY--PERSONAL NAME
Personal name Mill, John Stuart,
Dates associated with a name 1806-1873.
Title of a work On liberty.
700 12 - ADDED ENTRY--PERSONAL NAME
Personal name Mill, John Stuart,
Dates associated with a name 1806-1873.
Title of a work Considerations on representative government.
700 12 - ADDED ENTRY--PERSONAL NAME
Personal name Mill, John Stuart,
Dates associated with a name 1806-1873.
Title of a work Subjection of women.
830 #0 - SERIES ADDED ENTRY--UNIFORM TITLE
Uniform title World's classics ;
Volume number/sequential designation 170.
942 ## - ADDED ENTRY ELEMENTS (KOHA)
Source of classification or shelving scheme Dewey Decimal Classification
Koha item type Books
Holdings
Source of classification or shelving scheme Damaged status Not for loan Home library Current library Shelving location Date of accession Total Checkouts Full call number Barcode Date last seen Copy number Koha item type
Dewey Decimal Classification     JCC Rouf Library JCC Rouf Library General Stacks 04/17/2018   323.44 MIL 1912 12231 04/18/2018 C-1 Books
Dewey Decimal Classification     JCC Rouf Library JCC Rouf Library General Stacks 04/17/2018   323.44 MIL 1912 12196 04/18/2018 C-2 Books
Dewey Decimal Classification     JCC Rouf Library JCC Rouf Library General Stacks 04/17/2018   323.44 MIL 1912 12162 04/18/2018 C-3 Books

JCC Library | Contacts | JCC Home

Last Update on 23 September 2017
Copyright @ 2017-2020 JCC Rouf Library
Rouf Library, Jhenidah Cadet College (JCC), Bangladesh